Zvyšovanie výkonnosti podnikov aplikáciou moderných optimalizačných metód a postupov umelej inteligencie záverečná správa projektu mladých vedeckých pracovníkov č. I-14-116-00 : doba riešenia rok 2014
Salvato in:
| Autore principale: | |
|---|---|
| Ente Autore: | |
| Altri autori: | , , , , , |
| Natura: | Libro |
| Lingua: | slovacco |
| Pubblicazione: |
Košice
2014
|
| Soggetti: | |
| Tags: |
Nessun Tag, puoi essere il primo ad aggiungerne!!
|
MARC
| LEADER | 00000nam a2200000 4500 | ||
|---|---|---|---|
| 001 | 0213096 | ||
| 005 | 20241007123303.5 | ||
| 041 | 0 | |a slo | |
| 044 | |a SK | ||
| 245 | 1 | 0 | |a Zvyšovanie výkonnosti podnikov aplikáciou moderných optimalizačných metód a postupov umelej inteligencie |b záverečná správa projektu mladých vedeckých pracovníkov č. I-14-116-00 : doba riešenia rok 2014 |c vedúci projektu: Stela Beslerová, spoluriešitelia: Ľubica Lešková, Martina Sabolová, Lenka Štofová, Róbert Verner ; oponenti: Marek Andrejkovič, Jaroslava Kádárová |
| 264 | 1 | |a Košice |c 2014 | |
| 300 | |a [50 s.] |e CD-ROM | ||
| 610 | 2 | 0 | |a výkonnosť podniku |
| 610 | 2 | 0 | |a metódy optimalizačné |
| 610 | 2 | 0 | |a inteligencia umelá |
| 100 | 1 | |a Beslerová, Stela | |
| 700 | 1 | |a Lešková, Ľubica, 1988- | |
| 700 | 1 | |a Sabolová, Martina | |
| 700 | 1 | |a Štofová, Lenka, 1989- | |
| 700 | 1 | |a Verner, Robert, 1986- | |
| 700 | 1 | |a Andrejkovič, Marek | |
| 700 | 1 | |a Kádárová, Jaroslava | |
| 710 | 2 | |a Ekonomická univerzita v Bratislave. Podnikovohospodárska fakulta so sídlom v Košiciach | |